LIBRARY & INFORMATION CENTRE, KCAET, TAVANUR

ONLINE PUBLIC ACCESS CATALOGUE (OPAC)

Strength of materials / (Record no. 61)

MARC details
000 -LEADER
fixed length control field 00431cam a2200181ua 4500
003 - CONTROL NUMBER IDENTIFIER
control field @
003 - CONTROL NUMBER IDENTIFIER
control field OSt
008 - FIXED-LENGTH DATA ELEMENTS--GENERAL INFORMATION
fixed length control field 250527b |||||||| |||| 00| 0 eng d
020 ## - INTERNATIONAL STANDARD BOOK NUMBER
ISBN 81-87433-54-X
041 ## - LANGUAGE CODE
Language code of text/sound track or separate title eng
082 ## - DEWEY DECIMAL CLASSIFICATION NUMBER
Classification number 624.17
Item number RAM/ST
100 ## - MAIN ENTRY--AUTHOR NAME
Personal name Ramamrutham, S .
245 ## - TITLE STATEMENT
Title Strength of materials /
250 ## - EDITION STATEMENT
Edition statement Rev /
260 ## - PUBLICATION, DISTRIBUTION, ETC. (IMPRINT)
Place of publication New Delhi :
Name of publisher Dhanpat Rai Publishing Co. Pvt. Ltd. ,
Year of publication 2001.
300 ## - PHYSICAL DESCRIPTION
Number of Pages 964 ; .
942 ## - ADDED ENTRY ELEMENTS (KOHA)
Koha item type Books
Holdings
Withdrawn status Lost status Damaged status Home library Current library Date acquired Full call number Accession Number Koha item type
      KAUAET KAUAET 07/04/2012 624.17 RAM/ST 20557 Books
free website counter